[Event "TCh-AUT 2001-2"]
[Site "Graz AUT"]
[Date "2002.01.19"]
[Round "7"]
[White "Luther,T"]
[Black "Stangl,M"]
[Result "0-1"]
[WhiteElo "2573"]
[BlackElo "2457"]

1.e4 c5 2.Nf3 e6 3.d4 cxd4 4.Nxd4 a6 5.Nc3 d6 6.g4 b5 7.Bg2 Bb7 8.Be3 b4
9.Nce2 Nf6 10.Ng3 d5 11.e5 Ne4 12.f3 Nc5 13.f4 Nbd7 14.O-O Be7 15.g5 g6 16.h4 h6
17.a3 hxg5 18.hxg5 bxa3 19.b3 Ne4 20.Nxe4 dxe4 21.Kf2 Qc7 22.Rh1 O-O-O 23.Rxh8 Rxh8
24.Qd2 Kb8 25.Kg1 Rc8 26.c4 Rd8 27.Qc3 Qb6 28.Nc2 Qc7 29.Nxa3 Nc5 30.Bf1 Nd3
31.Nc2 Bc5 32.b4 Bxe3+ 33.Nxe3 Nxf4 34.c5 Qe7 35.c6 Qxg5+ 36.Ng2 Qxg2+ 37.Bxg2 Ne2+
38.Kf1 Nxc3 39.cxb7 Kxb7 40.Ra3 Rd1+ 41.Kf2 Rd2+ 42.Kg3 Rc2 43.Ra1 Kb6 44.Bf1 Na2
45.Kf4 Nxb4 46.Kxe4 a5 47.Kf4 Rf2+ 48.Ke4 g5  0-1

[Event "150 SJ Rio Preto"]
[Site "Sao Paulo BRA"]
[Date "2002.01.20"]
[Round "4"]
[White "Crosa,M"]
[Black "Disconzi da Silva,R"]
[Result "1-0"]
[WhiteElo "2393"]
[BlackElo "2415"]

1.e4 c5 2.Nf3 e6 3.d4 cxd4 4.Nxd4 a6 5.Nc3 Qc7 6.g3 Nc6 7.Bg2 Nf6 8.O-O d6
9.a4 Bd7 10.Nxc6 Bxc6 11.a5 Be7 12.Be3 Nd7 13.Bd4 O-O 14.Qe2 Rae8 15.Rfd1 Bd8
16.Qd2 Qc8 17.Na4 f5 18.exf5 Bxg2 19.Kxg2 Qc6+ 20.Kg1 Rxf5 21.b4 Ref8 22.Qc3 Qe4
23.Qe3 Nf6 24.Qb3 Rf3 25.Rd3 Ng4 26.Nc3 Qg6 27.Re1 Rxd3 28.cxd3 d5 29.h3 Qxd3
30.Rd1 Qf3 31.hxg4 Bf6 32.Qc2 Rc8 33.Qe2 Rxc3 34.Qxe6+ Kf8 35.Re1  1-0

[Event "TSGM January"]
[Site "Novi Sad YUG"]
[Date "2002.01.21"]
[Round "3"]
[White "Fontaine,R"]
[Black "Flumbort,A"]
[Result "1/2-1/2"]
[WhiteElo "2469"]
[BlackElo "2436"]

1.e4 c5 2.Nc3 e6 3.Nf3 a6 4.d4 cxd4 5.Nxd4 Qc7 6.Be2 b5 7.O-O Bb7 8.a3 Nf6
9.Bf3 Nc6 10.Nxc6 dxc6 11.Qe2 Bd6 12.g3 Be5 13.Bg2 O-O 14.Nd1 Rad8 15.c3 Bd6
16.Bg5 Be7 17.c4 h6 18.Bf4 e5 19.Be3 Bc8 20.cxb5 cxb5 21.Rc1 Qb7 22.Qc2 Be6
23.Qc7 Qxc7 24.Rxc7 Bc4 25.Re1 Rfe8 26.Nc3 Rc8 27.Rxc8  1/2-1/2

[Event "54th ch-YUG Youth"]
[Site "Obrenovac YUG"]
[Date "2002.01.21"]
[Round "12"]
[White "Nadjhedjesi,B"]
[Black "Boskovic,D"]
[Result "0-1"]
[WhiteElo "2272"]
[BlackElo "2354"]

1.e4 c5 2.Nc3 e6 3.Nf3 a6 4.d4 cxd4 5.Nxd4 Qc7 6.g3 Nc6 7.Bg2 d6 8.O-O Bd7
9.Kh1 Nf6 10.f4 Be7 11.f5 O-O 12.Bh3 Nxd4 13.Qxd4 Rad8 14.Be3 e5 15.Qd3 Bc6
16.Bg2 b5 17.a3 Qb7 18.Rad1 Rd7 19.h3 Rfd8 20.Nd5 Bxd5 21.exd5 Rc7 22.g4 h6
23.Bc1 Rdc8 24.c3 Rc4 25.Qg3 a5 26.Bf3 b4 27.cxb4 axb4 28.h4 bxa3 29.bxa3 e4
30.Be2 Rc3 31.Qg2 Qb3 32.Bf4 Nxd5 33.Qxe4 Nxf4 34.Qxf4 Bxh4 35.Bf3 R8c4  0-1

[Event "90th LSK Metalka Trgovina"]
[Site "Ljubljana SLO"]
[Date "2002.01.27"]
[Round "8"]
[White "Nisipeanu,LD"]
[Black "Volokitin,A"]
[Result "1-0"]
[WhiteElo "2608"]
[BlackElo "2586"]

1.e4 c5 2.Nf3 e6 3.Nc3 a6 4.d4 cxd4 5.Nxd4 Nc6 6.Be2 Nge7 7.Be3 Nxd4 8.Qxd4 b5
9.O-O-O Nc6 10.Qb6 Qxb6 11.Bxb6 Bb7 12.f4 Rc8 13.h4 h5 14.Bf3 Ne7 15.Rhe1 Ng6
16.g3 Bc5 17.Bxc5 Rxc5 18.Re3 f6 19.b4 Rc7 20.Kb2 Ne7 21.a4 Bc6 22.axb5 axb5
23.Be2 Rb7 24.Ra1 Kf7 25.Ra5 d5 26.exd5 exd5 27.Nxb5 Nf5 28.Rc3 Bd7 29.Bd3 Rhb8
30.Bxf5 Bxb5 31.Rc8 Rxc8 32.Bxc8 Rb8 33.Ra7+ Kg6 34.f5+ Kh6 35.Bb7 d4 36.Ra8 Rxa8
37.Bxa8 g6 38.Be4 Bd7 39.Kb3 gxf5 40.Bd3  1-0

[Event "7th HIT Open"]
[Site "Nova Gorica SLO"]
[Date "2002.02.01"]
[Round "2"]
[White "Fercec,N"]
[Black "Laco,G"]
[Result "1-0"]
[WhiteElo "2438"]
[BlackElo "2149"]

1.e4 c5 2.Nf3 e6 3.d4 cxd4 4.Nxd4 a6 5.Nc3 b5 6.Bd3 Bb7 7.O-O Nc6 8.Nxc6 Bxc6
9.Re1 Bb4 10.Qg4 Kf8 11.e5 Ba5 12.Bg5 f6 13.exf6 gxf6 14.Bf4 Bc7 15.Be4 h5
16.Qh4 d5 17.Bxc7 Qxc7 18.Bf3 Qf7 19.Qb4+ Kg7 20.Qd6 Qd7 21.Rxe6 Qxd6 22.Rxd6 Rc8
23.Ne2 Ne7 24.Nd4 Kg6 25.Re6 Rhe8 26.Rae1 Nf5 27.Nxc6 Rxc6 28.Rxe8  1-0

[Event "7th HIT Open"]
[Site "Nova Gorica SLO"]
[Date "2002.02.01"]
[Round "2"]
[White "Sakelsek,T"]
[Black "Krasevec,V"]
[Result "1-0"]
[WhiteElo "2202"]
[BlackElo "2013"]

1.e4 c5 2.Nf3 e6 3.d4 cxd4 4.Nxd4 a6 5.Nc3 Qc7 6.Bd3 Nf6 7.O-O Nc6 8.Be3 b5
9.a3 Bb7 10.Nb3 Ne5 11.f4 Nc4 12.Bxc4 bxc4 13.Nd2 Bc5 14.Qe2 Bxe3+ 15.Qxe3 O-O
16.Qd4 Rac8 17.e5 Qc6 18.Rf3 Nd5 19.Nce4 Rc7 20.Nd6 Qb6 21.c3 Qxd4+ 22.cxd4 Nb6
23.Rc3 Bd5 24.b3 f6 25.bxc4 fxe5 26.fxe5 Rf4 27.Rb3 Nxc4 28.N2xc4 Rxc4 29.Rb8+ Rf8
30.Rxf8+ Kxf8 31.Rf1+ Kg8 32.Nxc4 Bxc4 33.Rf4 Bd5 34.g3 a5 35.Kf2 a4 36.Ke2 h6
37.Kd2 Kh7 38.Kc3 Kg6 39.Kb4 Bc6 40.Kc5 Kg5 41.Kd6 h5 42.Rf7 g6 43.Rf6 Kh6
44.Rxe6 dxe6 45.Kxc6 Kg5 46.d5  1-0

[Event "7th HIT Open"]
[Site "Nova Gorica SLO"]
[Date "2002.02.01"]
[Round "2"]
[White "Zelcic,R"]
[Black "Lenic,L"]
[Result "1-0"]
[WhiteElo "2544"]
[BlackElo "2159"]

1.e4 c5 2.Nf3 e6 3.d4 cxd4 4.Nxd4 a6 5.Nc3 Qc7 6.Be2 Bc5 7.O-O Ne7 8.Be3 d6
9.Qd2 e5 10.Nb3 Bxe3 11.Qxe3 Be6 12.Rad1 O-O 13.Rd2 Nbc6 14.Rfd1 Rfd8 15.Nd5 Bxd5
16.exd5 Na5 17.Nxa5 Qxa5 18.a3 Rac8 19.Bd3 Qc7 20.c4 f5 21.b4 e4 22.Bf1 Ng6
23.c5 Qe7 24.c6 f4 25.Qd4 bxc6 26.dxc6 d5 27.Qc3 f3 28.g3 Rd6 29.Rxd5 Rdxc6
30.Rd8+ Rxd8 31.Rxd8+ Qxd8 32.Qxc6 Ne5 33.Qe6+ Nf7 34.h4  1-0

[Event "7th HIT Open"]
[Site "Nova Gorica SLO"]
[Date "2002.02.02"]
[Round "3"]
[White "Nevednichy,V"]
[Black "Solak,D"]
[Result "1-0"]
[WhiteElo "2569"]
[BlackElo "2501"]

1.e4 c5 2.Nf3 e6 3.d4 cxd4 4.Nxd4 a6 5.Nc3 Qc7 6.Be2 b5 7.O-O Bb7 8.Re1 d6
9.a4 b4 10.Na2 Bxe4 11.Bh5 Bg6 12.Bf3 Ra7 13.Nxb4 Nf6 14.Be3 Rb7 15.Nxa6 Nxa6
16.Nb5 Rxb5 17.axb5 Nb8 18.Ra8 Be7 19.Bc6+ Kd8 20.Ra7 Qc8 21.Bb6+  1-0

[Event "7th HIT Open"]
[Site "Nova Gorica SLO"]
[Date "2002.02.04"]
[Round "5"]
[White "Fercec,N"]
[Black "Gombac,Jan"]
[Result "1-0"]
[WhiteElo "2438"]
[BlackElo "2225"]

1.e4 c5 2.Nf3 e6 3.d4 cxd4 4.Nxd4 a6 5.Nc3 Qc7 6.Bd3 Nc6 7.Be3 Nf6 8.O-O h5
9.h3 Nxd4 10.Bxd4 Bc5 11.Be2 d6 12.Bxc5 Qxc5 13.Qd3 b5 14.b4 Qxb4 15.a4 bxa4
16.Rxa4 Qc5 17.Rc4 Qa3 18.Rd1 Bd7 19.Qg3 Bb5 20.Nxb5 Qxg3 21.Nc7+ Kd7 22.fxg3 Ra7
23.e5 d5 24.exf6 Rxc7 25.fxg7 Rg8 26.Rxc7+ Kxc7 27.Ra1 Rxg7 28.Rxa6 Rxg3
29.Ra7+ Kd6 30.Rxf7  1-0

[Event "Mimoza Open"]
[Site "Herceg Novi YUG"]
[Date "2002.02.05"]
[Round "2"]
[White "Kontic,D"]
[Black "Genov,Peta"]
[Result "0-1"]
[WhiteElo "2348"]
[BlackElo "2510"]

1.e4 c5 2.Nc3 e6 3.Nf3 a6 4.d4 cxd4 5.Nxd4 d6 6.Be3 Nf6 7.Qe2 b5 8.a3 Bb7
9.f3 Nbd7 10.O-O-O Rc8 11.Qe1 Qc7 12.g4 Nb6 13.Qg3 Nfd7 14.Bxb5 axb5 15.Ndxb5 Qb8
16.Bxb6 Nxb6 17.Nxd6+ Bxd6 18.Qxd6 Qxd6 19.Rxd6 Nc4 20.Rd4 Ne5 21.Rb4 Bc6
22.f4 Nxg4 23.Rg1 Nxh2 24.Rg2 Nf3 25.Rg3 Nh4 26.Rxg7 Ng6 27.f5 Kf8 28.f6 h5
29.Nb5 Bxb5 30.Rxb5 h4 31.Rb7 Ne5 32.Rg1 Rh6 33.Rh1 Nd3+ 34.Kb1 Nf2 35.Rh2 Ng4  0-1

[Event "7th HIT Open"]
[Site "Nova Gorica SLO"]
[Date "2002.02.05"]
[Round "6"]
[White "Sakelsek,T"]
[Black "Farago,I"]
[Result "0-1"]
[WhiteElo "2202"]
[BlackElo "2500"]

1.e4 c5 2.Nf3 e6 3.d4 cxd4 4.Nxd4 a6 5.Nc3 Qc7 6.Bd3 Nc6 7.Be3 Nf6 8.O-O Ne5
9.h3 Bc5 10.Kh1 d6 11.f4 Ng6 12.f5 Ne5 13.Qe1 Bd7 14.Qh4 Qb6 15.Bh6 Ng6 16.fxg6 hxg6
17.Rxf6 Rxh6 18.Qf4 g5 19.Rxh6 gxh6 20.Qf3 Bxd4 21.Rf1 O-O-O 22.Qxf7 Qxb2
23.Ne2 Be5 24.Bc4 Qb4 25.Bxe6 Qxe4 26.Nc1 Qe2 27.Nb3 Bxe6 28.Qxe6+ Kb8 29.Rc1 Rf8  0-1

[Event "FSGM February"]
[Site "Budapest HUN"]
[Date "2002.02.06"]
[Round "5"]
[White "Dembo,Y"]
[Black "Kustar,S"]
[Result "1/2-1/2"]
[WhiteElo "2346"]
[BlackElo "2413"]

1.e4 c5 2.Nf3 e6 3.d4 cxd4 4.Nxd4 a6 5.Nc3 b5 6.Bd3 Qb6 7.Nb3 Qc7 8.O-O Bb7
9.Qe2 d6 10.f4 Nd7 11.Bd2 Ngf6 12.Rae1 g6 13.e5 Nh5 14.Ne4 Bxe4 15.Qxe4 Rc8
16.Qf3 Be7 17.g4 Ng7 18.f5 gxf5 19.gxf5 exf5 20.exd6 Qxd6 21.Bc3 Rg8 22.Kh1 Nf6
23.Be5 Qc6 24.Qxc6+ Rxc6 25.Nd4 Rb6 26.Nxf5 Nxf5 27.Bxf5 Kf8 28.Re2 Rg5 29.Bf4 Rh5
30.Bd3 Bd6 31.Be3 Bc5 32.Bxc5+ Rxc5 33.Ref2 Ke7 34.Bxh7 Nxh7 35.Rxf7+ Ke8
36.Rxh7 Rxc2 37.Re1+ Kf8 38.Rd1 Ke8 39.Rg1 Kf8 40.Rd1 Ke8  1/2-1/2

[Event "Mimoza Open"]
[Site "Herceg Novi YUG"]
[Date "2002.02.06"]
[Round "4"]
[White "Vajda,Al"]
[Black "Rajkovic,Du"]
[Result "0-1"]
[WhiteElo "2364"]
[BlackElo "2511"]

1.e4 c5 2.Nf3 e6 3.d4 cxd4 4.Nxd4 a6 5.Nc3 b5 6.Be3 Bb7 7.f3 Nf6 8.Qd2 d5
9.exd5 b4 10.Ne4 Nxd5 11.Bc4 Nxe3 12.Qxe3 Qb6 13.O-O-O Be7 14.Rhe1 O-O 15.Kb1 Nc6
16.Nxc6 Qxc6 17.Bd3 Rad8 18.Ng5 h6 19.Bh7+ Kh8 20.Be4 Qb5 21.Bxb7 Bxg5 22.Qe4 f5
23.Qc6 Rxd1+ 24.Rxd1 Qe2 25.Rh1 Rd8 26.a3 b3 27.cxb3 Rd2  0-1

[Event "Aeroflot Open"]
[Site "Moscow RUS"]
[Date "2002.02.07"]
[Round "5"]
[White "Kuzmin,G"]
[Black "Beshukov,S"]
[Result "1/2-1/2"]
[WhiteElo "2527"]
[BlackElo "2465"]

1.e4 c5 2.Nf3 e6 3.Nc3 a6 4.d4 cxd4 5.Nxd4 Nc6 6.Nxc6 bxc6 7.Bd3 d5 8.O-O Nf6
9.Qe2 Be7 10.b3 Qc7 11.Bb2 Bb7 12.Rae1 h6 13.e5 Nd7 14.Na4 c5 15.c4 d4 16.f4 g6
17.Bc1 h5 18.Bd2 a5 19.Be4 Nb6 20.Bxb7 Qxb7 21.Qf3 Qxf3 22.Rxf3 Nxa4 23.bxa4 Rb8
24.Rb3 Rxb3 25.axb3 Bd8  1/2-1/2

[Event "FSGM February"]
[Site "Budapest HUN"]
[Date "2002.02.08"]
[Round "7"]
[White "Dembo,Y"]
[Black "Szeberenyi,A"]
[Result "1/2-1/2"]
[WhiteElo "2346"]
[BlackElo "2411"]

1.e4 c5 2.Nf3 e6 3.d4 cxd4 4.Nxd4 a6 5.Nc3 Qc7 6.Bd3 Nc6 7.Be3 Nf6 8.O-O Ne5
9.Nf3 Nfg4 10.Nxe5 Nxe3 11.Qh5 g6 12.Qf3 Qxe5 13.fxe3 f6 14.Qxf6 Qxf6 15.Rxf6 Bg7
16.Rf2 b5 17.Nd1 Bb7 18.c3 Ke7 19.Rd2 Bh6 20.a4 Bc6 21.axb5 axb5 22.Rxa8 Rxa8
23.Kf2 Ra4 24.Bc2 Ra2 25.Ke2 Bg7 26.Bb3 Ra8 27.Nf2 Be5 28.g3 Bc7 29.Rd1 b4
30.cxb4 Rb8 31.Bc2 Rxb4 32.b3 Rb5 33.g4 Ra5 34.Bd3 Ra2+ 35.Kf3 Rb2 36.Bc4 g5
37.h3 h6 38.Nd3 Rc2 39.Nf2 Rb2 40.Nd3  1/2-1/2

[Event "XVIII Open"]
[Site "Cappelle la Grande FRA"]
[Date "2002.02.09"]
[Round "1"]
[White "Iordachescu,V"]
[Black "Matthaei,A"]
[Result "0-1"]
[WhiteElo "2558"]
[BlackElo "2347"]

1.e4 c5 2.Nf3 e6 3.d4 cxd4 4.Nxd4 a6 5.Nc3 Qc7 6.Bd3 Nf6 7.f4 d6 8.Qe2 Nc6
9.Nxc6 bxc6 10.O-O e5 11.fxe5 dxe5 12.Nd1 Bc5+ 13.Kh1 O-O 14.Ne3 Ne8 15.Nf5 Nd6
16.Nxg7 Kxg7 17.Qh5 Qe7 18.Bh6+ Kg8 19.Bxf8 Kxf8 20.Qxh7 Ke8 21.Rad1 Kd8
22.Bxa6 Bd7 23.Bc4 Kc7 24.a3 Rf8 25.Ba2 Bc8 26.b4 Bd4 27.a4 Ba6 28.b5 cxb5
29.c3 Ba7 30.axb5 Bxb5 31.c4 Bc6 32.c5 Nxe4 33.Rc1 Bxc5 34.Rc2 Qg5 35.Bxf7 Nf6
36.Qh3 Nd7 37.Qb3 Rh8 38.Be6 Qh6 39.h3 Rb8 40.Qa2 Ra8 41.Qb3 Ra3  0-1

[Event "Aeroflot Open"]
[Site "Moscow RUS"]
[Date "2002.02.09"]
[Round "7"]
[White "Vorobiov,E"]
[Black "Rublevsky,S"]
[Result "1-0"]
[WhiteElo "2534"]
[BlackElo "2655"]

1.e4 c5 2.Nf3 e6 3.Nc3 a6 4.d4 cxd4 5.Nxd4 Nc6 6.Be3 Nf6 7.Bd3 Qc7 8.Qe2 Bd6
9.O-O-O Be5 10.Nxc6 bxc6 11.Na4 Rb8 12.b3 O-O 13.g3 Bd6 14.Bd4 Ba3+ 15.Kb1 e5
16.Bc3 d6 17.h3 Be6 18.f4 c5 19.fxe5 dxe5 20.Bc4 Qc6 21.Bxe6 Qxe6 22.Nb2 Bxb2
23.Kxb2 c4 24.g4 h6 25.Rhg1 Rb5 26.g5 hxg5 27.Rxg5 cxb3 28.axb3 Rfb8 29.Rd3 a5
30.Rd8+ Rxd8 31.Qxb5 Nd7 32.Qxa5 Rc8 33.Qd5 Qe7 34.Rg3 Kh7 35.h4 Rc7 36.h5 f6
37.h6 g6 38.Bb4 Qe8 39.Rd3 Kxh6 40.Rh3+ Kg7 41.Bd2 g5 42.Qd6 Rc8 43.Bxg5 fxg5
44.Qh6+ Kf7 45.Qh7+ Ke6 46.Rh6+ Nf6 47.Qf5+  1-0

[Event "10th Open"]
[Site "Valle d'Aosta ITA"]
[Date "2002.02.09"]
[Round "1"]
[White "Volokitin,A"]
[Black "Valenti,G"]
[Result "1-0"]
[WhiteElo "2586"]
[BlackElo "2247"]

1.e4 c5 2.Nf3 e6 3.Nc3 a6 4.d4 cxd4 5.Nxd4 Qc7 6.Be2 Nf6 7.O-O Be7 8.f4 d6
9.a4 Nc6 10.Be3 O-O 11.Kh1 Re8 12.a5 Nxa5 13.e5 dxe5 14.fxe5 Nd7 15.Bf4 Nc6
16.Nd5 Qd8 17.Nxc6 bxc6 18.Nxe7+ Qxe7 19.Bh5 Rf8 20.Ra3 Bb7 21.Rg3 Kh8 22.Rh3 c5
23.Qd3 g6 24.Bf3 c4 25.Qxc4 Nb6 26.Qe2 Nd5 27.Bh6 Rfd8 28.c4 Nb4 29.Bxb7 Qxb7
30.Bg5  1-0

[Event "Aeroflot Open"]
[Site "Moscow RUS"]
[Date "2002.02.10"]
[Round "9"]
[White "Vorobiov,E"]
[Black "Vescovi,G"]
[Result "1/2-1/2"]
[WhiteElo "2534"]
[BlackElo "2590"]

1.e4 c5 2.Nf3 e6 3.Nc3 a6 4.d4 cxd4 5.Nxd4 Qc7 6.Bd3 Nf6 7.Be3 Nc6 8.Qe2 b5
9.O-O Bb7 10.f4 Nxd4 11.Bxd4 Bc5 12.Bxc5 Qxc5+ 13.Kh1 b4 14.Nb1 d5 15.e5 Ne4
16.Nd2 Nxd2 17.Qxd2 g6 18.Rae1 a5 19.Rf3 Ba6 20.a3 Bxd3 21.Rxd3 Rc8 22.axb4 axb4
23.c3 O-O 24.f5 exf5 25.Rh3 Qe7 26.cxb4 Rc4 27.Qxd5 Qxb4 28.Rhe3 Rd4 29.Qc6 Rc4
30.Qd5 Rd4 31.Qc6 Rc4  1/2-1/2

[Event "10th Open"]
[Site "Valle d'Aosta ITA"]
[Date "2002.02.10"]
[Round "2"]
[White "Tseitlin,Ma"]
[Black "Zichichi,A"]
[Result "0-1"]
[WhiteElo "2486"]
[BlackElo "2313"]

1.e4 c5 2.Nf3 e6 3.Nc3 a6 4.d4 cxd4 5.Nxd4 Qc7 6.Bd3 b5 7.O-O Bb7 8.Qe2 Nc6
9.Nxc6 Bxc6 10.a4 b4 11.Nd5 Qa5 12.Bf4 Bxd5 13.exd5 Nf6 14.d6 Qc5 15.Rfd1 Bxd6
16.Qf3 Rd8 17.Be3 Qa5 18.Qb7 Qe5 19.g3 Nd5 20.Ba7 Qxb2 21.Bxa6 O-O 22.Bd3 Be5
23.a5 f5 24.Bc4 Nc3 25.Re1 Ne4 26.Bd3 Bd4 27.Rab1 Qc3 28.Re2 Bxa7 29.Qxa7 Nc5
30.Bb5 f4 31.Qc7 f3 32.Ree1 d6 33.a6 Ne4 34.Qe7 Nxf2 35.Qxe6+ Kh8 36.Qc4 Qd2
37.Qf1 Ng4 38.Qh3 f2+  0-1

[Event "XVIII Open"]
[Site "Cappelle la Grande FRA"]
[Date "2002.02.11"]
[Round "3"]
[White "Bobras,P"]
[Black "Chuchelov,V"]
[Result "0-1"]
[WhiteElo "2431"]
[BlackElo "2600"]

1.e4 c5 2.Nf3 e6 3.d4 cxd4 4.Nxd4 a6 5.Nc3 b5 6.g3 Bb7 7.Bg2 b4 8.Na4 Nf6
9.O-O Bxe4 10.Bxe4 Nxe4 11.Re1 d5 12.Nxe6 fxe6 13.Qh5+ g6 14.Qe5 Qf6 15.Rxe4 Qxe5
16.Rxe5 Kf7 17.Re2 Nd7 18.a3 a5 19.b3 Be7 20.Bb2 Rhc8 21.Kf1 Ra6 22.Ke1 Rac6
23.Kd1 g5 24.Ra2 g4 25.axb4 axb4 26.Ba1 Ra6 27.h3 gxh3 28.Re1 Nc5 29.Rh1 Ne4
30.Ke1 Rac6 31.Rxh3 Ng5 32.Rh6 Rxc2 33.Nb2 Bf8 34.Ra7+ R8c7  0-1

[Event "FSGM February"]
[Site "Budapest HUN"]
[Date "2002.02.12"]
[Round "11"]
[White "Sedlak,N"]
[Black "Kustar,S"]
[Result "1-0"]
[WhiteElo "2442"]
[BlackElo "2413"]

1.e4 c5 2.Nf3 e6 3.d4 cxd4 4.Nxd4 a6 5.Nc3 b5 6.Bd3 Bb7 7.O-O Qb6 8.Nb3 Qc7
9.Qe2 Nf6 10.f4 b4 11.Nd1 d6 12.c3 Nc6 13.Be3 Be7 14.Rc1 Qb8 15.c4 Nd7 16.Nf2 O-O
17.Ng4 Re8 18.Rf3 Bf8 19.Rh3 f6 20.Qf2 Be7 21.Qh4 Nf8 22.e5 f5 23.Nf6+ Kf7
24.Qh5+ g6 25.Qxh7+ Nxh7 26.Rxh7+ Kf8 27.Rh8+ Kf7 28.Rh7+ Kf8 29.Nd7+ Kg8
30.Rxe7 Rxe7 31.Nxb8 Rxb8 32.exd6 Rd7 33.c5 Ne7 34.Bd4 Bd5 35.Na5 Nc8 36.Be5 Ra8
37.Bc4 Kf7 38.Bxd5 exd5 39.Nc6  1-0

[Event "Petrov Mem Open"]
[Site "St Petersburg RUS"]
[Date "2002.02.12"]
[Round "1"]
[White "Pridorozhni,A"]
[Black "Rakitskaja,M"]
[Result "0-1"]
[WhiteElo "2415"]
[BlackElo "2154"]

1.e4 c5 2.Nf3 e6 3.Nc3 a6 4.d4 cxd4 5.Nxd4 Qc7 6.Be2 b5 7.O-O Bb7 8.a3 Nf6
9.Bf3 d6 10.g4 Be7 11.Bg2 Nc6 12.Nb3 Ne5 13.g5 Nfd7 14.f4 Nc4 15.Qd4 e5 16.Qf2 Qb6
17.Qxb6 Ndxb6 18.f5 f6 19.gxf6 Bxf6 20.Rd1 O-O-O 21.Rd3 Rd7 22.Nd2 Rhd8 23.Nf1 d5
24.exd5 Nxd5 25.Ne4 Nf4 26.Rxd7 Rxd7 27.Nxf6 gxf6 28.Bxb7+ Kxb7 29.Bxf4 exf4
30.Re1 Nxb2 31.Re6 Nd1 32.Rxf6 Rg7+ 33.Ng3 fxg3 34.Re6 gxh2+ 35.Kxh2 Rg5
36.f6 Rf5 37.Kg3 h5 38.Re7+ Kb6 39.f7 Nb2 40.Re6+ Ka5 41.Re7 Nc4 42.Rd7 Rf6
43.Re7 Nd6  0-1

[Event "Petrov Mem Open"]
[Site "St Petersburg RUS"]
[Date "2002.02.13"]
[Round "2"]
[White "Ivanov,Al3"]
[Black "Yagupov,I"]
[Result "0-1"]
[WhiteElo "2191"]
[BlackElo "2466"]

1.e4 c5 2.Nf3 e6 3.Nc3 a6 4.d4 cxd4 5.Nxd4 b5 6.a3 Bb7 7.Bd3 d6 8.O-O Nf6
9.Kh1 Nbd7 10.f4 Be7 11.Re1 Nc5 12.e5 Nxd3 13.Qxd3 dxe5 14.fxe5 Ng4 15.Re2 Bc5
16.Ncxb5 O-O 17.b4 Qh4 18.Qg3 Qxg3 19.hxg3 Bb6 20.c4 axb5 21.Nxb5 Bc6 22.Nd6 Bd4
23.Bb2 Bxb2 24.Rxb2 Nxe5 25.b5 Rad8 26.c5 Bd5 27.Rd1 Nd7 28.c6 Nb6 29.Nb7 Bxg2+  0-1

[Event "Petrov Mem Open"]
[Site "St Petersburg RUS"]
[Date "2002.02.15"]
[Round "4"]
[White "Ivanov,Al3"]
[Black "Tsigelnitskiy,I"]
[Result "0-1"]
[WhiteElo "2191"]
[BlackElo "2321"]

1.e4 c5 2.Nf3 e6 3.d4 cxd4 4.Nxd4 a6 5.Nc3 Qc7 6.g3 Nf6 7.Bg2 d6 8.O-O Be7
9.Re1 O-O 10.a4 Nc6 11.Nb3 b6 12.Be3 Bb7 13.Qe2 Ne5 14.Rad1 Rac8 15.f4 Nc4
16.Bc1 Rfe8 17.Kh1 Bf8 18.g4 Nd7 19.Rd3 g6 20.h4 Bg7 21.Rh3 Qb8 22.h5 Qa8
23.hxg6 hxg6 24.Qf2 f5 25.Qh4 Kf7 26.gxf5 exf5 27.Qg5 Nf6 28.Rg3 Ng4 29.Rxg4 fxg4
30.f5 gxf5 31.Qxf5+ Kg8 32.Rf1 Re5 33.Qxg4 Rf8 34.Bh6 Re7 35.Bxg7 Rxf1+ 36.Bxf1 Ne3
37.Qg1 Bxe4+ 38.Kh2 Nxf1+ 39.Qxf1 Rxg7 40.Qf6 Rg2+  0-1

[Event "Petrov Mem Open"]
[Site "St Petersburg RUS"]
[Date "2002.02.16"]
[Round "5"]
[White "Zatonskih,A"]
[Black "Kuporosov,V"]
[Result "1/2-1/2"]
[WhiteElo "2413"]
[BlackElo "2473"]

1.e4 c5 2.Nf3 e6 3.d4 cxd4 4.Nxd4 a6 5.Nc3 Qc7 6.Be2 Nf6 7.O-O Nc6 8.Be3 Be7
9.f4 d6 10.Kh1 O-O 11.Qe1 Bd7 12.Qg3 Kh8 13.Rad1 Rac8 14.Nxc6 Bxc6 15.Bd4 b5
16.e5 dxe5 17.Bxe5 Qb7 18.Bd3 b4 19.Ne2 Be4 20.c3 a5 21.cxb4 axb4 22.Bxe4 Qxe4
23.Nd4 Rfd8 24.Rde1 Qg6  1/2-1/2

[Event "10th Open"]
[Site "Valle d'Aosta ITA"]
[Date "2002.02.16"]
[Round "8"]
[White "Masserey,Y"]
[Black "Mirzoev,A"]
[Result "1/2-1/2"]
[WhiteElo "2376"]
[BlackElo "2494"]

1.e4 c5 2.Nf3 e6 3.d4 cxd4 4.Nxd4 a6 5.Nc3 b5 6.Bd3 Bb7 7.O-O d6 8.Qe2 Nf6
9.Bd2 Nbd7 10.b4 Ne5 11.a4 bxa4 12.Nxa4 Nxd3 13.cxd3 Be7 14.Nb3 O-O 15.Na5 Rb8
16.Rfc1 Qd7 17.Qe3 Bd8 18.Qa7 Bxa5 19.bxa5 Bc6 20.Qxd7 Bxd7 21.Nb6 Bb5 22.Bb4 Rfd8
23.Ra3 Rb7 24.f3 h6 25.d4 d5  1/2-1/2

[Event "Petrov Mem Open"]
[Site "St Petersburg RUS"]
[Date "2002.02.17"]
[Round "6"]
[White "Sudakova,I"]
[Black "Vaingorten,Y"]
[Result "1-0"]
[WhiteElo "2354"]
[BlackElo "2215"]

1.e4 c5 2.Nf3 e6 3.d4 cxd4 4.Nxd4 a6 5.Nc3 b5 6.a3 Bb7 7.Bd3 Qb6 8.Nde2 Nf6
9.Nf4 d6 10.O-O Be7 11.Nh5 O-O 12.Kh1 Nbd7 13.f4 Rac8 14.Nxf6+ Bxf6 15.Qe2 Rfe8
16.Be3 Qc7 17.Rad1 g6 18.Qf2 Nc5 19.f5 exf5 20.exf5 Qc6 21.Rd2 Qxg2+ 22.Qxg2 Bxg2+
23.Rxg2 Bxc3 24.Bxc5 Rxc5 25.bxc3 Rxc3 26.Ra1 Kg7 27.a4 bxa4 28.Rxa4 Re1+
29.Rg1 Rxg1+ 30.Kxg1 Kf6 31.Rxa6 Ke5 32.Ra7 Kf6 33.Rd7 Rc6 34.Kf2 gxf5 35.Ke3 Ke6
36.Rb7 Kf6 37.Rb5 Ke6 38.Bxf5+  1-0

[Event "US Amateur Team East"]
[Site "Parsipanny USA"]
[Date "2002.02.18"]
[Round "6"]
[White "Shahade,J"]
[Black "Feuerstein,A"]
[Result "1-0"]
[WhiteElo "2302"]
[BlackElo "2167"]

1.e4 c5 2.Nf3 e6 3.d4 cxd4 4.Nxd4 a6 5.Nc3 b5 6.Bd3 b4 7.Na4 Bb7 8.O-O Nf6
9.Re1 Qc7 10.c3 bxc3 11.Nxc3 Bc5 12.Be3 d6 13.Rc1 Qd8 14.Qb3 Qe7 15.e5 Nd5
16.Nf5 Qd7 17.Bxc5 exf5 18.exd6+ Ne3 19.Rxe3+ Kd8 20.Bb6+ Kc8 21.Nd5+ Nc6
22.Ne7+  1-0

[Event "Petrov Mem Open"]
[Site "St Petersburg RUS"]
[Date "2002.02.18"]
[Round "7"]
[White "Ivanov,O UKR"]
[Black "Kuporosov,V"]
[Result "0-1"]
[WhiteElo "2350"]
[BlackElo "2473"]

1.e4 c5 2.Nc3 e6 3.Nf3 a6 4.d4 cxd4 5.Nxd4 Qc7 6.g3 Bb4 7.Bd2 Nf6 8.Bg2 Nc6
9.Nb3 Be7 10.O-O O-O 11.Qe2 d6 12.g4 b5 13.g5 Nd7 14.f4 b4 15.Nd5 exd5 16.exd5 Nce5
17.fxe5 Nxe5 18.Be4 a5 19.Qg2 Qb6+ 20.Kh1 Ba6 21.Rf4 g6 22.Re1 Rae8 23.Be3 Qc7
24.Nd4 Bd8 25.h4 Qc8 26.h5 Bb6 27.Bg1 Bc5 28.Rh4 Bxd4 29.Bxd4 Qd7 30.Qg3 Bb7
31.Re2 Qb5 32.Qg2 Qc4 33.c3 bxc3 34.bxc3 Ba8 35.Rf4 Nd3 36.Bxd3 Qxd3 37.Ref2 Qd1+
38.Rf1 Qxh5+ 39.Kg1 Re2 40.R4f2 Rfe8 41.c4 R2e4 42.Rxf7 Rxd4 43.Rf8+ Rxf8
44.Rxf8+ Kxf8 45.Qf2+ Kg8 46.Qxd4 Qxg5+ 47.Kf2 Qf5+ 48.Kg2 h5 49.Qa7 Bxd5+
50.cxd5 Qxd5+ 51.Kg3 Qxa2 52.Qb8+ Kg7 53.Qxd6 Qb3+ 54.Kh2 Qc2+ 55.Kh1 Qe4+
56.Kh2 Qh4+ 57.Kg2 Qg5+ 58.Kh1 h4 59.Qd7+ Kh6 60.Qd4 Qf5 61.Kg2 Qg5+ 62.Kh1 Kh5
63.Qd1+ Qg4 64.Qd5+ Qf5 65.Qd1+ Kh6 66.Qd4 g5 67.Qh8+ Kg6 68.Qg8+ Kh5 69.Qh8+ Kg4
70.Qd4+ Qf4 71.Qg1+ Kf5 72.Qc5+ Qe5 73.Qf2+ Kg4 74.Qg2+ Kh5 75.Qf3+ g4 76.Qf7+ Kg5
77.Qg8+ Kf4 78.Qf7+ Ke4 79.Qc4+ Qd4 80.Qe2+ Kf4 81.Qf1+ Ke5 82.Qc1 h3 83.Qe1+ Qe4+
84.Kh2 g3+ 85.Qxg3+ Qf4 86.Kh1 Ke4 87.Qg6+ Qf5 88.Qe8+ Kd4 89.Qh8+ Kc4 90.Kh2 a4
91.Qg8+ Kb4 92.Qb8+ Qb5 93.Qd6+ Kc3 94.Qf6+ Kc2 95.Qf2+ Kb1 96.Kxh3 a3 97.Qe1+ Ka2
98.Kg4 Qd5 99.Qc1 Qe4+ 100.Kg5 Kb3 101.Qd1+ Kb2 102.Qd2+ Kb3  0-1

[Event "ch-Serbia"]
[Site "Leskovac YUG"]
[Date "2002.02.19"]
[Round "5"]
[White "Radovanovic,D"]
[Black "Perunovic,Mil"]
[Result "1/2-1/2"]
[WhiteElo "2346"]
[BlackElo "2469"]

1.e4 c5 2.Nf3 e6 3.d4 cxd4 4.Nxd4 a6 5.Nc3 b5 6.Bd3 Qb6 7.Nb3 Qc7 8.O-O Bb7
9.Bd2 Nf6 10.Qe2 d6 11.a4 b4 12.Na2 a5 13.c3 bxc3 14.Nxc3 Be7 15.Nb5 Qd8
16.Rac1 Nc6 17.Rfd1 O-O 18.Bb1 Qb8 19.Bf4 Rd8 20.Nc5 e5 21.Nxb7 Qxb7 22.Bg5 Rd7
23.Bxf6 Bxf6 24.Ba2 Nb4 25.Bd5 Nxd5 26.Rxd5 Rc8 27.Rc4 Be7 28.b3 Rdd8 29.g3 g6
30.Qd3 Rxc4 31.Qxc4 Rc8 32.Qd3 Rc6 33.Kg2 h5 34.Na3 Rb6 35.Nb5 Rc6 36.Na3 Rb6
37.Rb5 Rxb5 38.Nxb5 h4 39.Qd5 Qc8 40.Qc4 h3+ 41.Kf1 Qg4 42.Qe2 Qc8 43.Qc4 Qg4
44.Qe2 Qc8 45.Qc4  1/2-1/2

[Event "ch-Serbia"]
[Site "Leskovac YUG"]
[Date "2002.02.20"]
[Round "6"]
[White "Brenjo,S"]
[Black "Predojevic,B"]
[Result "1/2-1/2"]
[WhiteElo "2462"]
[BlackElo "2324"]

1.e4 c5 2.Nf3 e6 3.d4 cxd4 4.Nxd4 a6 5.Nc3 Qc7 6.Be2 b5 7.O-O Bb7 8.Bf3 Nc6
9.Nxc6 dxc6 10.Qe2 Bd6 11.g3 Ne7 12.Bg2 O-O 13.f4 b4 14.Na4 Nc8 15.e5 Be7
16.Be3 Rb8 17.Nc5 Nb6 18.Nxa6 Bxa6 19.Qxa6 Nd5 20.Bf2 Rb5 21.Bxd5 exd5 22.Rfe1 Rfb8
23.Qa4 b3 24.axb3 Bb4 25.Qa7 R5b7 26.Qe3 Bxe1 27.Rxe1 Qd7 28.Qd3 g6 29.Bc5 Ra8
30.Kg2 Qe6 31.Re2 Ra1 32.h3 h5 33.Qf3 Rb8 34.g4 hxg4 35.hxg4 Re8 36.f5 gxf5
37.gxf5 Qh6 38.Qh3 Qxh3+ 39.Kxh3 Rf1 40.Kg4 Kh7 41.Rh2+ Kg7 42.f6+ Kg8 43.Rh5 Ra8
44.Kg3 Re8 45.b4 Re1 46.Bd4 Re2 47.c3 Rxb2 48.Kf3 Re6 49.Bc5 Rc2 50.Rg5+ Kh8
51.Rh5+ Kg8 52.Bd4 Rb2 53.Kg3 Re2 54.Rg5+ Kf8 55.Kf4 Re4+ 56.Kf5 Re1 57.Rh5 Kg8
58.Rg5+ Kf8 59.Rg2 Rf1+ 60.Kg5 Rh1  1/2-1/2